000 00311nam a2200121Ia 4500
008 191201s2014 xx 000 0 und d
100 _aBUDINSKI,Kenneth G
245 0 _aEngineering Materials Properties and Selection
260 _aN. delhi
_bPhi
_c2014
300 _a774
650 _aB.Tech(ME)
942 _2ddc
_cBK
999 _c6189
_d6189